Datum a čas kvízu

33 Celkem bodů Celkový počet nahraných bodů na tomto kvízu bez doplňovacích otázek.
1. Pořadí na kvízu Konečné umístění týmu na tomto kvízu.

Zaznamenané odpovědi

# Otázka Odpověď Body Výsledky
1. Zdravotní pojišťovny zveřejnil... 1
2. Do prodejny mobilů přišla žena... 1
3. Jak se nazývá snímek, který zí... 0
4. Minulý týden byla vydána další... 0
5. Základní část naší hokejové ex... 0
6. V tomto tématu si posvítíme na... 0
7. Které jsou nejrozšířenější jaz... 0
8. Největší jezera na světě co do... 1
9. Státy USA s největší rozlohou:... 0
10. Evropské země podle rozlohy: 1... 0.5